[Event "Hamburg-chA"]
[Site "Hamburg"]
[Date "2017.06.03"]
[Round "1"]
[White "Quitzau, Lukas"]
[Black "Wagner, Daniella"]
[Result "0-1"]
[WhiteElo "1461"]
[BlackElo "1580"]
[PlyCount "104"]
[EventDate "2017.06.03"]
[EventType "swiss"]
[EventRounds "7"]
[EventCountry "GER"]
[SourceTitle "CBM 179 Extra"]
[Source "ChessBase"]
[SourceDate "2017.08.23"]
[SourceVersion "1"]
[SourceVersionDate "2017.08.23"]
[SourceQuality "1"]

1. d4 Nf6 2. c4 Nc6 3. Nc3 e5 4. d5 Ne7 5. e4 Ng6 6. Nf3 Bc5 7. Be2 a6 8. a3 0-0 9. b4 Ba7 10. 0-0 d6 11. h3 h6 12. Qc2 Nh7 13. Bd3 Ne7 14. Ne2 f5 15. c5 f4 16. Bb2 Ng6 17. Kh2 Ng5 18. Neg1 Nxf3+ 19. Nxf3 Nh4 20. Nxh4 Qxh4 21. f3 Qe7 22. Rac1 Rf7 23. a4 Bd7 24. cxd6 cxd6 25. Qb3 Qe8 26. b5 Be3 27. Rc7 Qb8 28. b6 Be8 29. Ba3 Rxc7 30. bxc7 Qxc7 31. Rb1 b6 32. Qc2 Qd7 33. Rb3 Bc5 34. Bc1 Qxa4 35. Qb2 Qd4 36. Qxd4 Bxd4 37. Ba3 Ba4 38. Rb4 b5 39. Rxd4 exd4 40. Bxd6 Rc8 41. e5 Rd8 42. g3 fxg3+ 43. Kxg3 Bb3 44. Be4 a5 45. Kf2 b4 46. Ke2 Rxd6 47. exd6 Kf8 48. Kd2 a4 49. Kc1 a3 50. Kb1 Bc4 51. f4 d3 52. Bf3 Bb3 0-1

[Event "Pinneberg-ch"]
[Site "Pinneberg"]
[Date "2013.09.12"]
[Round "6"]
[White "Buschhaus, Ralf"]
[Black "Wagner, Daniella"]
[Result "1-0"]
[WhiteElo "1221"]
[BlackElo "1382"]
[PlyCount "37"]
[EventDate "2013.08.08"]
[EventType "swiss"]
[EventRounds "7"]
[EventCountry "GER"]
[SourceTitle "EXT 2017"]
[Source "ChessBase"]
[SourceDate "2016.10.25"]
[SourceVersion "1"]
[SourceVersionDate "2016.10.25"]
[SourceQuality "1"]

1. d4 Nf6 2. Bg5 g6 3. Bxf6 exf6 4. Nf3 Bg7 5. e3 0-0 6. c4 d6 7. Nc3 c5 8. Bd3 Re8 9. 0-0 Bg4 10. Qa4 Bxf3 11. gxf3 cxd4 12. exd4 f5 13. Rfe1 Nd7 14. Ne2 Qb6 15. Qxd7 Qxb2 16. Qxd6 Qd2 17. Rad1 Qxa2 18. Qb4 Rad8 19. Ra1 1-0

[Event "Pinneberg-ch"]
[Site "Pinneberg"]
[Date "2013.08.15"]
[Round "2"]
[White "Grothkopp, Dietrich"]
[Black "Wagner, Daniella"]
[Result "1-0"]
[WhiteElo "1695"]
[BlackElo "1382"]
[PlyCount "47"]
[EventDate "2013.08.08"]
[EventType "swiss"]
[EventRounds "7"]
[EventCountry "GER"]
[SourceTitle "EXT 2017"]
[Source "ChessBase"]
[SourceDate "2016.10.25"]
[SourceVersion "1"]
[SourceVersionDate "2016.10.25"]
[SourceQuality "1"]

1. d4 Nf6 2. c4 e5 3. dxe5 Ng4 4. Nf3 Bc5 5. e3 Nc6 6. a3 a5 7. Nc3 Ngxe5 8. Be2 0-0 9. 0-0 b6 10. Nxe5 Nxe5 11. Qd5 Nc6 12. Bg4 Qe7 13. Rd1 Bd6 14. Ne4 Bxh2+ 15. Kxh2 Qh4+ 16. Bh3 Re8 17. Ng3 Re5 18. Qf3 Qxc4 19. Bxd7 Bb7 20. Qf4 Qc5 21. Bd2 g5 22. Qf6 Qd5 23. Nh5 Kf8 24. Bg4 1-0